Poonjivad aur aadhunik samajik siddhant : (Record no. 729441)

MARC details
000 -LEADER
fixed length control field 00605nam a2200205Ia 4500
003 - CONTROL NUMBER IDENTIFIER
control field OSt
005 - DATE AND TIME OF LATEST TRANSACTION
control field 20240905114232.0
008 - FIXED-LENGTH DATA ELEMENTS--GENERAL INFORMATION
fixed length control field 220927b |||||||| |||| 00| 0 eng d
020 ## - INTERNATIONAL STANDARD BOOK NUMBER
International Standard Book Number 8179170799
037 ## - SOURCE OF ACQUISITION
Terms of availability Textual
040 ## - CATALOGING SOURCE
Original cataloging agency SDCL
Transcribing agency SDCL
Language of cataloging eng
041 ## - LANGUAGE CODE
Source of code hin
Language code of text/sound track or separate title hin
100 ## - MAIN ENTRY--PERSONAL NAME
Personal name Gidense, Anthony
9 (RLIN) 413645
245 #0 - TITLE STATEMENT
Title Poonjivad aur aadhunik samajik siddhant :
Remainder of title Marx, Durkhim aur Max Weber ke lekhan ka vishleshan /
260 ## - PUBLICATION, DISTRIBUTION, ETC.
Place of publication, distribution, etc. Delhi :
Name of publisher, distributor, etc. Granth Lipi,
Date of publication, distribution, etc. 2006
300 ## - PHYSICAL DESCRIPTION
Extent 328p.
942 ## - ADDED ENTRY ELEMENTS (KOHA)
Classification part YvM6 P6
Koha item type Textual
Source of classification or shelving scheme Colon Classification (CC)
Holdings
Withdrawn status Lost status Source of classification or shelving scheme Damaged status Not for loan Home library Current library Date acquired Total Checkouts Full call number Barcode Date last seen Price effective from Koha item type
    Colon Classification (CC)     South Campus Library South Campus Library 2022-09-28   YvM6 P6 SC1250393 2022-09-28 2022-09-28 Textual
Copyright @ Delhi University Library System